Jak porozumět člověku

Saved in:
Bibliographic Details
Main Author David, Brooks
Format Electronic eBook
LanguageCzech
Published Nakladatelství Audiolibrix 2026
Edition1. elektronické vydání
Subjects
Online AccessDostupné v BOOKPORT po přihlášení pomocí eduID
ISBN978-80-88494-80-5
978-80-88494-79-9
978-80-88494-78-2
Physical Description1 online zdroj (336 stran)

Cover

LEADER 00000nam a2200000 i 4500
001 bkp934695614
003 CZ-prgp
005 20260520100235.0
006 m o d
007 cr cn
008 260520s2026 xr o 000 0 cze
020 |a 978-80-88494-80-5  |c 279 Kč  |q (online ; pdf) 
020 |a 978-80-88494-79-9  |c 279 Kč  |q (online ; epub) 
020 |a 978-80-88494-78-2  |c 399 Kč  |q (print) 
040 |a Grada  |b cze  |e rda 
100 1 |a David, Brooks 
245 1 0 |a Jak porozumět člověku  |c Brooks David 
250 |a 1. elektronické vydání 
264 1 |b Nakladatelství Audiolibrix  |c 2026 
300 |a 1 online zdroj (336 stran) 
336 |a text  |b txt  |2 rdacontent 
337 |a počítač  |b c  |2 rdamedia 
338 |a online zdroj  |b cr  |2 rdacarrier 
520 3 |a Osvojte si umění mezilidské komunikace Občas se zdá, že jsme ztratili schopnost porozumět jeden druhému. Každému z nás byla od dětství vštěpována zejména pravidla chování, ale ohledně sounáležitosti a opravdového pochopení druhého člověka jsme se toho dozvěděli překvapivě málo. Všude kolem nás jsou lidé, kteří se kvůli nepochopení cítí izolovaní a neviditelní. A možná jste jedním z nich právě vy. David Brooks spojuje poznatky z psychologie, neurologie, filozofie a pedagogiky, aby vytvořil praktického a optimistického průvodce mezilidskými interakcemi. Naučí vás klást vhodně otázky a věnovat pozornost věcem, na nichž záleží, pokud chcete umět správně chápat druhé a zároveň u nich nacházet pochopení. Poutavě vysvětluje, jak druhému věnovat plnou, laskavou pozornost, správně naslouchat a vést dobré rozhovory (i ty náročné), a tak být dobrým přítelem a oporou i v těžkých časech. Zjistíte třeba: - jak se naučit dobře číst druhé, - jestli jste osvětlovatel, nebo zmenšovatel, - jak dát druhým pocítit, že je vidíme, slyšíme a chápeme, - jaké vrozené sklony nám brání přesně vnímat druhé a jak je překonat, - jak se stát chápavějšími a ohleduplnějšími k druhým - a jak najít radost, která pramení z toho být opravdu viděn. 
650 0 4 |a Psychologie odborná 
650 0 4 |a Komunikační dovednosti 
650 0 4 |a Vztahy, láska, rodina 
856 4 0 |u https://www.bookport.cz/AccountSaml/SignIn/?idp=https://shibboleth.utb.cz/idp/shibboleth&returnUrl=/kniha/jak-porozumet-cloveku-16073/  |y Dostupné v BOOKPORT po přihlášení pomocí eduID